000 00696nam a22001337a 4500
040 _cRUA
082 _aVEM NOE 2022 B1-530 Or.
100 _aNOEM CHITRA,ណឹម ចិត្រា្ត
245 _aTHE ANTIBODY TITER OF PORCINE CIRCOVIRUS TYPE 2 IN NURSE PIGS AT BASEDTH DISTRICT, KAMPONG SPEU PROVINCE,កម្រិតអង់ទីករនៃជំងឺ PCV2 លើកូនជ្រូកមតេ្តយ្យនៅស្រុកបរសេដ្ឋ ខេត្តកំពង់ស្ពឺ
260 _aphnom penh
_brua
_c2022
300 _axi.44p/
_bill.
_c29cm.
856 _uhttps://drive.google.com/file/d/1IBgAdbWnkilgncv-MwtsAjan_h85m2bg/view?usp=sharing
942 _cVEM
999 _c23035
_d23035